NBA MVP's Quiz 1980-2025 - Statistics

General Stats
  • This quiz has been taken 45 times
  • The average score is 39 of 46
Answer Stats
Hint Answer % Correct
2013 Lebron James
97%
2012 Lebron James
97%
2010 Lebron James
97%
2009 Lebron James
97%
2025 Shai Gilgeous-Alexander
97%
2020 Giannis Antetokounmpo
94%
2019 Giannis Antetokounmpo
94%
2008 Kobe Bryant
94%
2024 Nikola Jokic
94%
2022 Nikola Jokic
94%
2021 Nikola Jokic
94%
2016 Stephen Curry
94%
2015 Stephen Curry
94%
2023 Joel Embiid
91%
2014 Kevin Durant
91%
1998 Michael Jordan
91%
1996 Michael Jordan
91%
1992 Michael Jordan
91%
1991 Michael Jordan
91%
1988 Michael Jordan
91%
2017 Russell Westbrook
91%
2018 James Harden
88%
1986 Larry Bird
88%
1985 Larry Bird
88%
1984 Larry Bird
88%
2000 Shaquille O'Neal
88%
2006 Steve Nash
84%
2005 Steve Nash
84%
2003 Tim Duncan
84%
2002 Tim Duncan
84%
1990 Magic Johnson
81%
1989 Magic Johnson
81%
1987 Magic Johnson
81%
2001 Allen Iverson
78%
2007 Dirk Nowitzki
78%
1994 Hakeem Olajuwon
78%
1993 Charles Barkley
75%
2011 Derrick Rose
75%
1980 Kareem Abdul-Jabbar
75%
1995 David Robinson
66%
2004 Kevin Garnett
66%
1999 Karl Malone
63%
1997 Karl Malone
63%
1983 Moses Malone
63%
1982 Moses Malone
63%
1981 Julius Erving
53%
No matching quizzes found
Score Distribution
Percent of People with Each Score
Percentile by Number Answered
Your Score History
You have not taken this quiz